Chansons les plus streamées : Héléna - Statistiques

Statistiques générales
  • Ce quiz a été pris 108 fois
    28 depuis la dernière actualisation
  • Le résultat moyen est 8 sur 10
Statistiques - réponses
Streams Chanson % Correct
61 000 000 Mauvais Garçon
100%
36 000 000 Summer Body
91%
5 000 000 Capuche
87%
8 500 000 Gentil Garçon
87%
20 500 000 Aimée pour de vrai
78%
20 500 000 Tout a changé (Rien n'a changé)
78%
8 500 000 Mélatonine
74%
11 500 000 Nouveau coeur
74%
6 000 000 Adieu mon amour
65%
7 000 000 Boule au ventre
57%
Aucun quiz correspondant
Distribution des résultats
% des personnes avec chaque résultat
Percentile par nombre de réponses
Votre historique - résultats
Vous n’avez pas pris ce quiz depuis la dernière actualisation